| 000 | 00383nam a22001337a 4500 | ||
|---|---|---|---|
| 040 | _cNUST | ||
| 082 | _a891.439,MAS | ||
| 100 |
_aMasood, Anwar _914777 |
||
| 245 |
_aGuncha Phir Laga Khilnay / غنچہ پھر لگا کھلنے (Urdu) / _cAnwar Masood |
||
| 260 |
_aIslamabad _bDost Publisher _c2011 |
||
| 300 | _a124p.; | ||
| 650 | _aUrdu literature | ||
| 942 |
_2ddc _cBK _k891.439,MAS |
||
| 999 |
_c593588 _d593588 |
||